[Event "Viljandimaa Region-ch"]
[Site "Viljandi"]
[Date "2005.12.03"]
[Round "7"]
[White "Braschinsky, Leo"]
[Black "Kaldma, Arnold"]
[Result "1/2-1/2"]
[WhiteElo "2143"]
[BlackElo "1875"]
[PlyCount "63"]
[EventDate "2005.10.29"]
[EventType "tourn"]
[EventRounds "9"]
[EventCountry "EST"]
[SourceTitle "EXT 2018"]
[Source "ChessBase"]
[SourceDate "2017.10.13"]
[SourceVersion "1"]
[SourceVersionDate "2017.10.13"]
[SourceQuality "1"]

1. d4 f5 2. Nc3 Nf6 3. Bg5 e6 4. e4 fxe4 5. Bxf6 Qxf6 6. Nxe4 Qh6 7. Nf3 d5 8. Neg5 Be7 9. h4 c5 10. Bb5+ Kf8 11. dxc5 Qf6 12. c3 h6 13. Nh3 Bxc5 14. Qd2 Nc6 15. 0-0-0 a6 16. Bxc6 bxc6 17. h5 e5 18. Rhe1 Bxh3 19. Nxe5 Bd6 20. Ng6+ Kg8 21. gxh3 Qf5 22. Qd3 Qg5+ 23. Kb1 Kf7 24. Nxh8+ Rxh8 25. Qg6+ Qxg6+ 26. hxg6+ Kf6 27. Re2 Rd8 28. Rg1 c5 29. Re3 Bf4 30. Rf3 Ke5 31. Re1+ Kf5 32. Re7 1/2-1/2

[Event "Viljandimaa Region-ch"]
[Site "Viljandi"]
[Date "2005.12.03"]
[Round "8"]
[White "Kaldma, Arnold"]
[Black "Kuldsepp, Tanel"]
[Result "0-1"]
[WhiteElo "1875"]
[BlackElo "2192"]
[PlyCount "78"]
[EventDate "2005.10.29"]
[EventType "tourn"]
[EventRounds "9"]
[EventCountry "EST"]
[SourceTitle "EXT 2018"]
[Source "ChessBase"]
[SourceDate "2017.10.13"]
[SourceVersion "1"]
[SourceVersionDate "2017.10.13"]
[SourceQuality "1"]

1. d4 Nf6 2. Nf3 g6 3. Nbd2 c5 4. c3 cxd4 5. cxd4 d5 6. e3 Bg7 7. Bb5+ Nc6 8. Ne5 Qb6 9. Qa4 Bd7 10. Nxd7 Nxd7 11. 0-0 0-0 12. Nf3 a6 13. Be2 Qa7 14. Bd2 b5 15. Qa3 Rfc8 16. Rac1 Bf8 17. Qb3 Nb6 18. Qd3 e6 19. b3 Ba3 20. Rc2 Qe7 21. Bc3 Nb4 22. Bxb4 Qxb4 23. Ne1 Qa5 24. Bd1 Bb4 25. Qe2 Bxe1 26. Qxe1 Qa3 27. Qd2 Rxc2 28. Qxc2 Rc8 29. Qd2 Rc7 30. Be2 Nc8 31. Rb1 Nd6 32. f3 b4 33. Kf2 Rc3 34. Qb2 Qa5 35. Rd1 Qc7 36. Rd2 Nf5 37. Rd3 Qxh2 38. Rxc3 Qh4+ 39. Kf1 bxc3 0-1

[Event "Viljandimaa Region-ch"]
[Site "Viljandi"]
[Date "2004.10.24"]
[Round "3"]
[White "Kaldma, Arnold"]
[Black "Kuld, Villu"]
[Result "0-1"]
[WhiteElo "1914"]
[BlackElo "2075"]
[PlyCount "110"]
[EventDate "2004.10.10"]
[EventType "tourn"]
[EventRounds "10"]
[EventCountry "EST"]
[SourceTitle "EXT 2018"]
[Source "ChessBase"]
[SourceDate "2017.10.13"]
[SourceVersion "1"]
[SourceVersionDate "2017.10.13"]
[SourceQuality "1"]

1. d4 d5 2. Nf3 Nf6 3. c3 e6 4. Bg5 Be7 5. Qc2 Nbd7 6. Nbd2 c5 7. e3 a6 8. Bd3 b5 9. 0-0 Bb7 10. Rfe1 0-0 11. Bh4 Rc8 12. Ne5 g6 13. f4 Kg7 14. Be2 b4 15. Rac1 Re8 16. g4 Ne4 17. Bxe7 Qxe7 18. Bf3 Nxe5 19. dxe5 Qh4 20. Nf1 a5 21. Qg2 bxc3 22. Bxe4 dxe4 23. bxc3 Red8 24. Red1 Bc6 25. g5 Rd3 26. Rd2 Rcd8 27. Rxd3 Rxd3 28. Qe2 h6 29. gxh6+ Kxh6 30. c4 g5 31. Qf2 Qxf2+ 32. Kxf2 gxf4 33. exf4 Rf3+ 34. Ke2 e3 35. Nxe3 Rxf4 36. Rc3 Bf3+ 37. Kf2 Bh5+ 38. Kg3 Re4 39. Ra3 Kg6 40. Kf2 Rxe5 41. Rxa5 f5 42. Ng2 Kg5 43. Ra3 f4 44. Ra8 Re2+ 45. Kf1 Re4 46. Rg8+ Kf6 47. a4 Be2+ 48. Kf2 Bxc4 49. Rf8+ Ke5 50. a5 Rd4 51. Ke1 Bd5 52. Nh4 Be4 53. a6 Ra4 54. Rc8 Kd4 55. Rd8+ Ke3 0-1

[Event "Viljandimaa Kreis-ch"]
[Site "Viljandi"]
[Date "2003.12.01"]
[Round "13"]
[White "Kaldma, Arnold"]
[Black "Poder, Paul"]
[Result "1-0"]
[WhiteElo "1924"]
[BlackElo "1955"]
[PlyCount "101"]
[EventDate "2003.10.18"]
[EventType "tourn"]
[EventRounds "14"]
[EventCountry "EST"]
[SourceTitle "EXT 2018"]
[Source "ChessBase"]
[SourceDate "2017.10.13"]
[SourceVersion "1"]
[SourceVersionDate "2017.10.13"]
[SourceQuality "1"]

1. d4 b6 2. c4 Bb7 3. Nc3 e6 4. e4 Ne7 5. f3 h5 6. Be3 h4 7. h3 f5 8. Bd3 g6 9. Qd2 Bg7 10. Nge2 Nbc6 11. a3 Na5 12. Qc2 d5 13. cxd5 exd5 14. e5 0-0 15. b4 Nc4 16. Bg5 c5 17. Bxc4 dxc4 18. 0-0-0 cxb4 19. axb4 a5 20. b5 Qd7 21. Bxe7 Qxe7 22. Nf4 Qa3+ 23. Qb2 Qb4 24. Nxg6 Rfe8 25. Kc2 Re6 26. Nf4 Ree8 27. Rb1 Qf8 28. Rhe1 Bh6 29. Nfd5 Qg7 30. Re2 a4 31. Nf6+ Kh8 32. Nxe8 Rxe8 33. Ra1 Rd8 34. Nxa4 Qg6 35. Qc3 Bd5 36. Nb2 f4+ 37. Kd1 Rc8 38. Ra6 Qb1+ 39. Qc1 Qg6 40. Qc2 Qe6 41. Na4 Rb8 42. Nc3 Rc8 43. Ra7 Bg7 44. Kc1 Rd8 45. Rd2 Qe8 46. Qf5 Ra8 47. Rda2 Rxa7 48. Rxa7 Be6 49. Qg5 Bf7 50. Qxh4+ Kg8 51. Qe7 1-0

[Event "Viljandimaa Kreis-ch"]
[Site "Viljandi"]
[Date "2003.12.01"]
[Round "12"]
[White "Kanep, Siim"]
[Black "Kaldma, Arnold"]
[Result "1-0"]
[WhiteElo "2159"]
[BlackElo "1924"]
[PlyCount "55"]
[EventDate "2003.10.18"]
[EventType "tourn"]
[EventRounds "14"]
[EventCountry "EST"]
[SourceTitle "EXT 2018"]
[Source "ChessBase"]
[SourceDate "2017.10.13"]
[SourceVersion "1"]
[SourceVersionDate "2017.10.13"]
[SourceQuality "1"]

1. e4 c6 2. d4 d5 3. Nc3 dxe4 4. Nxe4 Nf6 5. Nxf6+ exf6 6. c3 Bd6 7. Bd3 0-0 8. Qc2 Re8+ 9. Ne2 g6 10. Be3 Nd7 11. h4 f5 12. h5 Qf6 13. hxg6 hxg6 14. 0-0-0 f4 15. Bd2 Nf8 16. c4 Bg4 17. Bc3 a5 18. c5 Bc7 19. a4 Bh5 20. f3 Qg5 21. Ng1 Ne6 22. Bc4 Ng7 23. Nh3 Qf5 24. Bd3 Qd5 25. Nf2 f5 26. Bxa5 Qd7 27. Bc4+ Kf8 28. Bc3 1-0

[Event "Viljandimaa Kreis-ch"]
[Site "Viljandi"]
[Date "2003.10.25"]
[Round "3"]
[White "Kuld, Vello"]
[Black "Kaldma, Arnold"]
[Result "0-1"]
[WhiteElo "2104"]
[BlackElo "1924"]
[PlyCount "109"]
[EventDate "2003.10.18"]
[EventType "tourn"]
[EventRounds "14"]
[EventCountry "EST"]
[SourceTitle "EXT 2018"]
[Source "ChessBase"]
[SourceDate "2017.10.13"]
[SourceVersion "1"]
[SourceVersionDate "2017.10.13"]
[SourceQuality "1"]

1. e4 c6 2. d4 d5 3. exd5 cxd5 4. c4 Nf6 5. Nc3 e6 6. c5 Be7 7. Nf3 0-0 8. Be2 Nc6 9. Bf4 b6 10. Bb5 Bb7 11. Bxc6 Bxc6 12. b4 Ne4 13. Nxe4 dxe4 14. Ne5 Bd5 15. 0-0 f6 16. Ng4 f5 17. Ne3 g5 18. Be5 Qe8 19. a4 Qg6 20. Nxd5 exd5 21. Qb3 Qe6 22. Rac1 Rac8 23. cxb6 axb6 24. b5 Rc4 25. Rxc4 dxc4 26. Qa2 Bb4 27. Rc1 Rc8 28. Qb2 Ba5 29. Qe2 c3 30. Rc2 Kf7 31. g4 Kg6 32. h3 h6 33. f3 Qd5 34. gxf5+ Kxf5 35. f4 Kg6 36. fxg5 hxg5 37. Qg4 Rf8 38. h4 Qf7 39. Qxe4+ Qf5 40. Qg2 g4 41. Bg3 Qd3 42. Be5 Kh5 43. Qe2 Rf3 44. Qxd3 Rxd3 45. Kf2 Kxh4 46. Ke2 Rf3 47. Bc7 Rf7 48. Be5 g3 49. Kd3 Kh3 50. d5 g2 51. Bd4 Rf1 52. Ke2 g1Q 53. Bxg1 Rxg1 54. Kd3 Rd1+ 55. Kc4 0-1